000 00465nam a22001817a 4500
005 20250107162217.0
008 241216b ||||| |||| 00| 0 eng d
040 _cAL
041 _aEnglish
082 _223
_a348.04
_bCHAI
100 _aJagjit Singh Chawla
_9192530
100 _9192529
100 _9191231
245 _aIndian Civil Cases: Vol 5 1997(1)
260 _aChandigarh
_bICC Publications
_c1997
650 _aCivil Laws
_9191232
942 _2ddc
_cBI
999 _c233547
_d233547